00852nam a2200241 450000100060000000300080000600500170001400800410003103500140007204000320008604100080011808200240012610000300015024500900018026000380027030000250030849000310033350400420036465000250040694200120043199900170044395201500046033675BD-RjUL20211209052037.0140511s1968 nyu b 001 0 eng d a(BD-RjUL) aDLCcDLCdDLCdBD-RjULbeng aeng00a323.40973bKII 19681 aKillian, Lewis M.910154914aThe impossible revolution? :bBlack power and the American dream /cLewis M. Killian. aNew York :bRandom House ,c1968. axx, 198 p. ;c21 cm.0 aStudies in sociology, SS40 aBibliography: p. [189]-191. and Index 0aBlack power.9102247 2ddccBK c33675d33675 00102ddc40718NFICaRUCLbRUCLcReadingd1977-03-31eLions International Giftl0o323.40973 KII 1968r2014-05-11 00:00:00tC-1w2021-12-09yBK